[Event "NED-ch U16"]
[Site "Almelo"]
[Date "2021.08.07"]
[Round "7"]
[White "Goudriaan, Rafael"]
[Black "Yeh, Timo"]
[Result "0-1"]
[WhiteElo "1677"]
[BlackElo "1819"]
[PlyCount "74"]
[EventDate "2021.08.01"]
[EventType "swiss"]
[EventRounds "7"]
[EventCountry "NED"]
[SourceTitle "EXT 2022"]
[Source "ChessBase"]
[SourceDate "2021.10.06"]
[SourceVersion "1"]
[SourceVersionDate "2021.10.06"]
[SourceQuality "1"]

1. d4 d5 2. c4 e6 3. g3 Nf6 4. Bg2 Bb4+ 5. Bd2 Be7 6. Nf3 c6 7. Qc2 0-0 8. 0-0 Ne4 9. Nc3 f5 10. e3 Nd7 11. Ne1 b6 12. f3 Nxd2 13. Qxd2 Ba6 14. b3 dxc4 15. bxc4 Bxc4 16. Nd3 Nf6 17. Rfc1 Bxd3 18. Qxd3 Qd7 19. Ne2 Rac8 20. e4 Rfd8 21. Qb3 Kh8 22. Kh1 c5 23. Nf4 cxd4 24. Nxe6 Rxc1+ 25. Rxc1 Rc8 26. Rd1 d3 27. Ng5 h6 28. Nf7+ Kh7 29. Ne5 Qd4 30. Nxd3 fxe4 31. fxe4 Rc3 32. Qb5 Bc5 33. e5 Ng4 34. Qc6 Rc4 35. Rf1 Qxd3 36. Bh3 Nf2+ 37. Kg2 Nxh3 0-1

[Event "NED-ch U16"]
[Site "Almelo"]
[Date "2021.08.04"]
[Round "4"]
[White "Shadrin, Mitia"]
[Black "Yeh, Timo"]
[Result "0-1"]
[WhiteElo "1698"]
[BlackElo "1819"]
[PlyCount "47"]
[EventDate "2021.08.01"]
[EventType "swiss"]
[EventRounds "7"]
[EventCountry "NED"]
[SourceTitle "EXT 2022"]
[Source "ChessBase"]
[SourceDate "2021.10.06"]
[SourceVersion "1"]
[SourceVersionDate "2021.10.06"]
[SourceQuality "1"]

1. e4 e5 2. Nf3 Nc6 3. d4 exd4 4. Nxd4 Bc5 5. Be3 Qf6 6. Nb5 Bxe3 7. fxe3 Qh4+ 8. g3 Qxe4 9. Nxc7+ Kd8 10. Nxa8 Qxh1 11. Qd6 Nf6 12. Nd2 Qg1 13. Qc7+ Ke7 14. Qf4 Qxh2 15. 0-0-0 Qh6 16. Qf2 d5 17. Nc7 Rd8 18. Kb1 Kf8 19. Be2 a6 20. Rf1 d4 21. Nc4 b5 22. Qg2 Ne7 23. e4 Bh3 24. Nd2 0-1

[Event "EU-ch U14"]
[Site "Bratislava"]
[Date "2019.08.03"]
[Round "2"]
[White "Yeh, Timo"]
[Black "Sokolovsky, Yahli"]
[Result "0-1"]
[WhiteElo "1880"]
[BlackElo "2163"]
[PlyCount "70"]
[EventDate "2019.08.02"]
[EventType "swiss"]
[EventRounds "9"]
[EventCountry "SVK"]
[SourceTitle "EXT 2020"]
[Source "ChessBase"]
[SourceDate "2019.10.17"]
[SourceVersion "1"]
[SourceVersionDate "2019.10.17"]
[SourceQuality "1"]

1. Nf3 Nf6 2. d4 g6 3. c4 Bg7 4. Nc3 0-0 5. e4 d6 6. Be2 e5 7. 0-0 Nc6 8. d5 Ne7 9. Ne1 Nd7 10. Be3 f5 11. f3 f4 12. Bf2 g5 13. Rc1 Ng6 14. c5 Nf6 15. cxd6 cxd6 16. Nb5 Rf7 17. Nxa7 Bd7 18. Nb5 Ne8 19. Na3 Bf8 20. Nc4 Rxa2 21. Qb3 Ra8 22. Nb6 Rb8 23. Nxd7 Rxd7 24. Bb6 Qf6 25. Bb5 Rg7 26. Qa4 g4 27. Bxe8 Nh4 28. Bh5 gxf3 29. Bxf3 Kh8 30. Qa7 Re8 31. Bh5 Qg5 32. Bg4 Be7 33. Bf3 Reg8 34. Qxb7 Bd8 35. Rc8 Nxf3+ 0-1

[Event "EU-ch U14"]
[Site "Bratislava"]
[Date "2019.08.02"]
[Round "1"]
[White "Tadic, Stefan"]
[Black "Yeh, Timo"]
[Result "0-1"]
[WhiteElo "2209"]
[BlackElo "1880"]
[PlyCount "82"]
[EventDate "2019.08.02"]
[EventType "swiss"]
[EventRounds "9"]
[EventCountry "SVK"]
[SourceTitle "EXT 2020"]
[Source "ChessBase"]
[SourceDate "2019.10.17"]
[SourceVersion "1"]
[SourceVersionDate "2019.10.17"]
[SourceQuality "1"]

1. e4 e5 2. Nf3 Nc6 3. d4 exd4 4. Nxd4 Bc5 5. Nxc6 Qf6 6. Qf3 bxc6 7. Nd2 a5 8. Nb3 Bb6 9. a4 Qxf3 10. gxf3 Ne7 11. Be3 d6 12. Bxb6 cxb6 13. 0-0-0 d5 14. exd5 Nxd5 15. Nd4 Bb7 16. Re1+ Kf8 17. Bc4 Rd8 18. Re5 g6 19. Rd1 Kg7 20. Nxc6 Bxc6 21. Bxd5 Bxa4 22. Re7 Rhf8 23. b3 Bb5 24. c4 Bd7 25. Kb2 Kf6 26. Rde1 b5 27. R7e2 a4 28. c5 axb3 29. Kxb3 Rfe8 30. Rxe8 Bxe8 31. Bb7 Bd7 32. Kb4 Bh3 33. c6 Rd2 34. Re8 Rxf2 35. c7 Rxh2 36. Bc6 Rb2+ 37. Kc3 Rb1 38. Kc2 Rb4 39. Bd5 Rd4 40. Re6+ Bxe6 41. Bxe6 fxe6 0-1

[Event "Robinson Cup U14"]
[Site "Dundalk"]
[Date "2019.07.22"]
[Round "2.10"]
[White "Avetisyan, Gagik1111"]
[Black "Yeh, Timo"]
[Result "1/2-1/2"]
[WhiteElo "1535"]
[BlackElo "1882"]
[PlyCount "62"]
[EventDate "2019.07.22"]
[EventType "team-tourn"]
[EventRounds "5"]
[EventCountry "IRL"]
[SourceTitle "EXT 2022"]
[Source "ChessBase"]
[SourceDate "2021.10.06"]
[SourceVersion "1"]
[SourceVersionDate "2021.10.06"]
[SourceQuality "1"]
[WhiteTeam "Ireland (U14)"]
[BlackTeam "Netherlands (U14)"]
[WhiteTeamCountry "IRL"]
[BlackTeamCountry "NED"]

1. d4 d5 2. c4 e6 3. Nf3 Nf6 4. g3 dxc4 5. Bg2 Bd7 6. Ne5 Bc6 7. Nxc6 Nxc6 8. e3 Be7 9. Nd2 0-0 10. Nxc4 Nd5 11. 0-0 b5 12. Nd2 Rb8 13. Nb3 Ncb4 14. a3 Na6 15. Na5 Qe8 16. b4 Rb6 17. Bb2 c6 18. Rc1 Qd7 19. Qc2 Rc8 20. Rfd1 Rc7 21. Qd2 Naxb4 22. e4 Na2 23. Ra1 Ndb4 24. axb4 Bxb4 25. Qc2 Bxa5 26. Rxa2 Bb4 27. Rc1 a5 28. Bc3 Bxc3 29. Qxc3 b4 30. Qc5 Rb5 31. Qc4 b3 1/2-1/2

[Event "NED-ch U14"]
[Site "Assen"]
[Date "2018.05.05"]
[Round "9"]
[White "Catalan, Ciro"]
[Black "Yeh, Timo"]
[Result "1/2-1/2"]
[WhiteElo "1503"]
[BlackElo "1729"]
[PlyCount "51"]
[EventDate "2018.04.29"]
[EventType "swiss"]
[EventRounds "9"]
[EventCountry "NED"]
[SourceTitle "CBM 184 Extra"]
[Source "ChessBase"]
[SourceDate "2018.06.28"]
[SourceVersion "1"]
[SourceVersionDate "2018.06.28"]
[SourceQuality "1"]

1. d4 d5 2. c4 e6 3. Nf3 Nf6 4. g3 dxc4 5. Bg2 Nc6 6. 0-0 Be7 7. e3 0-0 8. Nbd2 Na5 9. Ne5 c5 10. dxc5 Bxc5 11. Ndxc4 Nxc4 12. Nxc4 Qc7 13. b3 Rd8 14. Qe2 Qe7 15. Bb2 Bd7 16. Bxb7 Rab8 17. Na5 Bb4 18. Nc6 Bxc6 19. Bxc6 Rd2 20. Bxf6 Qxf6 21. Qf3 Bc3 22. Qxf6 Bxf6 23. Rfd1 Rbd8 24. Rxd2 Rxd2 25. Rc1 Rxa2 26. Ba4 1/2-1/2

[Event "NED-ch U14"]
[Site "Assen"]
[Date "2018.05.03"]
[Round "7"]
[White "Yeh, Timo"]
[Black "Bartels, Vladimir"]
[Result "1/2-1/2"]
[WhiteElo "1729"]
[BlackElo "1757"]
[PlyCount "46"]
[EventDate "2018.04.29"]
[EventType "swiss"]
[EventRounds "9"]
[EventCountry "NED"]
[SourceTitle "CBM 184 Extra"]
[Source "ChessBase"]
[SourceDate "2018.06.28"]
[SourceVersion "1"]
[SourceVersionDate "2018.06.28"]
[SourceQuality "1"]

1. d4 Nf6 2. Nf3 e6 3. c4 b6 4. Nc3 Bb4 5. Bd2 Bb7 6. e3 0-0 7. Bd3 c5 8. 0-0 cxd4 9. exd4 d5 10. a3 Bxc3 11. Bxc3 dxc4 12. Bxc4 Nc6 13. Re1 Rc8 14. Bb3 Nd5 15. Rc1 Qd6 16. Ng5 h6 17. Ne4 Qd7 18. Ba4 Qe7 19. Ng3 Nxc3 20. Rxc3 Qd6 21. Bxc6 Bxc6 22. Qg4 Rfd8 23. Rec1 Qd5 1/2-1/2

[Event "NED-ch U14"]
[Site "Assen"]
[Date "2018.05.02"]
[Round "5"]
[White "Roebers, Eline"]
[Black "Yeh, Timo"]
[Result "1/2-1/2"]
[WhiteElo "1961"]
[BlackElo "1729"]
[PlyCount "114"]
[EventDate "2018.04.29"]
[EventType "swiss"]
[EventRounds "9"]
[EventCountry "NED"]
[SourceTitle "CBM 184 Extra"]
[Source "ChessBase"]
[SourceDate "2018.06.28"]
[SourceVersion "1"]
[SourceVersionDate "2018.06.28"]
[SourceQuality "1"]

1. e4 e5 2. Nc3 Nf6 3. f4 d5 4. fxe5 Nxe4 5. Qf3 Nxc3 6. bxc3 c5 7. Ne2 Nc6 8. Nf4 Nxe5 9. Qxd5 Qxd5 10. Nxd5 Bd6 11. d4 cxd4 12. cxd4 Nc6 13. c3 0-0 14. Bd3 Re8+ 15. Kf2 Ne7 16. Re1 Be6 17. Nxe7+ Bxe7 18. Be4 Rac8 19. Bd2 b6 20. g3 Red8 21. a4 h6 22. a5 b5 23. Rab1 b4 24. cxb4 Rxd4 25. Rb2 Rcc4 26. Bf3 Bxb4 27. Bxb4 Rxb4 28. Rxb4 Rxb4 29. Re5 Rb2+ 30. Kg1 g6 31. Rc5 Ra2 32. Bd5 Bxd5 33. Rxd5 Kf8 34. Rb5 a6 35. Re5 f6 36. Re6 Rxa5 37. Rxf6+ Kg7 38. Rb6 Ra2 39. Rc6 a5 40. Ra6 h5 41. h4 a4 42. Kf1 Kf7 43. Ke1 Rg2 44. Rxa4 Rxg3 45. Kf2 Rb3 46. Kg2 Kf6 47. Ra5 Rb4 48. Kg3 Re4 49. Rb5 Re5 50. Rb4 Rc5 51. Kf4 Rf5+ 52. Ke3 Ra5 53. Kf4 Rf5+ 54. Ke3 g5 55. Rb6+ Kg7 56. Rb7+ Kf6 57. Rb6+ Kg7 1/2-1/2

[Event "NED-ch U14"]
[Site "Assen"]
[Date "2018.04.29"]
[Round "1"]
[White "Elgersma, Onno"]
[Black "Yeh, Timo"]
[Result "1-0"]
[WhiteElo "2060"]
[BlackElo "1729"]
[PlyCount "119"]
[EventDate "2018.04.29"]
[EventType "swiss"]
[EventRounds "9"]
[EventCountry "NED"]
[SourceTitle "CBM 184 Extra"]
[Source "ChessBase"]
[SourceDate "2018.06.28"]
[SourceVersion "1"]
[SourceVersionDate "2018.06.28"]
[SourceQuality "1"]

1. e4 e5 2. Nf3 Nc6 3. Bc4 Nf6 4. d3 Bc5 5. c3 d6 6. Bb3 h6 7. h3 Be6 8. Bc2 d5 9. Qe2 0-0 10. Nbd2 a6 11. Nf1 d4 12. g4 Nh7 13. Rg1 Be7 14. Rh1 Bg5 15. Nxg5 hxg5 16. Qf3 Ne7 17. cxd4 Qxd4 18. h4 gxh4 19. Rxh4 Ng6 20. Rh1 Qb4+ 21. Nd2 Nf4 22. a3 Qe7 23. Qg3 Qg5 24. Nf3 Qxg4 25. Qxg4 Bxg4 26. Nxe5 Nxd3+ 27. Bxd3 Be6 28. Be3 Rfd8 29. Bc2 Nf6 30. Rd1 Bg4 31. Rxd8+ Rxd8 32. Bg5 Be6 33. Rg1 Kf8 34. Ke2 Re8 35. Bxf6 gxf6 36. Nf3 Bc4+ 37. Ke3 f5 38. Kf4 fxe4 39. Bxe4 b6 40. Ne5 Bb5 41. Nxf7 Rxe4+ 42. Kxe4 Kxf7 43. Ke5 Bc4 44. f4 b5 45. f5 a5 46. f6 c6 47. Rg7+ Kf8 48. Rc7 Bd5 49. Kf5 b4 50. axb4 axb4 51. Ke5 b3 52. Rb7 Bc4 53. f7 Bxf7 54. Kf6 Bh5 55. Rb8+ Be8 56. Rc8 c5 57. Rb8 c4 58. Rc8 c3 59. bxc3 b2 60. Rb8 1-0